|
|
|
|
| LEADER |
00000nam0a2200000 4500 |
| 001 |
297167 |
| 005 |
20231102001000.0 |
| 010 |
|
|
|a 9785769213793
|
| 035 |
|
|
|a (RuTPU)RU\TPU\book\322287
|
| 090 |
|
|
|a 297167
|
| 100 |
|
|
|a 20150605d2014 k y0rusy50 ca
|
| 101 |
0 |
|
|a rus
|
| 102 |
|
|
|a RU
|
| 105 |
|
|
|a a z 001zy
|
| 200 |
1 |
|
|a Наномодифицирование сварных соединений при лазерной сварке металлов и сплавов
|f А. М. Оришич [и др.]
|g Российская академия наук (РАН), Сибирское отделение (СО), Институт теоретической и прикладной механики (ИТПМ), (Новосибирск) ; Российская академия наук (РАН), Уральское отделение (УрО), Институт машиноведения
|
| 210 |
|
|
|a Новосибирск
|c Изд-во СО РАН
|d 2014
|
| 215 |
|
|
|a 251 с.
|c ил.
|
| 320 |
|
|
|a Библиогр.: с. 234-247.
|
| 330 |
|
|
|a В книге обобщены оригинальные результаты исследований, выполненных при активном участии авторов в ИТПМ СО РАН, в течение последних 10 лет. Рассмотрены наиболее важные результаты исследования новых процессов лазерной сварки металлов и сплавов, в том числе разнородных, с применением наноразмерных тугоплавких соединений, используемых в качестве модифицирующих добавок. Развито новое научное направление - лазерная микрометаллургия, основанная на возможности эффективного управления процессами структуре- и фазообразования в лазерном сварочном шве, а именно, диспергировать зерна матрицы и избыточных фаз за счет искусственного увеличения числа центров кристаллизации, оптимизировать морфологию кристаллического зерна, карбидных и интерметаллидных фаз. Приведены многочисленные экспериментальные данные по изучению влияния малых наномодифицирую-щих добавок на структуру и морфологию кристаллического зерна в сварном шве, механические и эксплуатационные характеристики сварного соединения. Представлены результаты численного анализа тепло- и гидродинамических процессов в сварочной ванне расплава при «кинжальном» проплавлении свариваемых пластин.Книга предназначена для широкого круга специалистов, занимающихся проблемами создания неразъемных соединений металлов: инженерно-технических и научных работников, преподавателей, а также для начинающих исследователей, аспирантов и студентов вузов соответствующего профиля.К
|
| 606 |
1 |
|
|a Лазерная сварка металлов
|2 stltpush
|3 (RuTPU)RU\TPU\subj\39801
|9 59710
|
| 610 |
1 |
|
|a лазерное излучение
|
| 610 |
1 |
|
|a металлы
|
| 610 |
1 |
|
|a взаимодействие
|
| 610 |
1 |
|
|a сталь
|
| 610 |
1 |
|
|a нагрев
|
| 610 |
1 |
|
|a охлаждение
|
| 610 |
1 |
|
|a алюминиевые сплавы
|
| 610 |
1 |
|
|a сварные соединения
|
| 610 |
1 |
|
|a низкоуглеродистые стали
|
| 610 |
1 |
|
|a титановые сплавы
|
| 610 |
1 |
|
|a нержавеющая сталь
|
| 610 |
1 |
|
|a пластины
|
| 610 |
1 |
|
|a разнородные материалы
|
| 610 |
1 |
|
|a математическое моделирование
|
| 675 |
|
|
|a 621.791.72
|v 4
|
| 701 |
|
1 |
|a Оришич
|b А. М.
|g Анатолий Митрофанович
|
| 701 |
|
1 |
|a Черепанов
|b А. Н.
|g Анатолий Николаевич
|
| 701 |
|
1 |
|a Шапеев
|b В. П.
|g Василий Павлович
|
| 701 |
|
1 |
|a Пугачева
|b Н. Б.
|g Наталия Борисовна
|
| 712 |
0 |
2 |
|a Российская академия наук (РАН)
|b Сибирское отделение (СО)
|b Институт теоретической и прикладной механики (ИТПМ)
|b (Новосибирск)
|2 stltpush
|3 (RuTPU)RU\TPU\col\247
|
| 712 |
0 |
2 |
|a Российская академия наук (РАН)
|b Уральское отделение (УрО)
|b Институт машиноведения
|c (Екатеринбург)
|2 stltpush
|3 (RuTPU)RU\TPU\col\12020
|
| 801 |
|
1 |
|a RU
|b 63413507
|c 20150605
|
| 801 |
|
2 |
|a RU
|b 63413507
|c 20151009
|g RCR
|
| 900 |
|
|
|a Сварка специальных сталей и сплавов
|
| 942 |
|
|
|c BK
|
| 959 |
|
|
|a 83/20150605
|d 1
|e 1100,00
|f ЧЗТЛ:1
|